00904cam a2200277 i 450000100090000000300040000900500170001300800410003001000170007102000180008802000470010604000320015304200080018504300120019305000260020508200240023110000230025524501210027826400490039930000160044865000270046465000330049165000270052465000360055165100390058717788682OSt20200220153045.0130620s2014 nyub 000 0 eng c a 2013022390 a9789385269592 a 9780199322237 (hardback : alkaline paper) aICU/DLCbengcICUerdadDLC apcc aa-pk---00aDS383.5.A2bP385 201400a954.9105223bPAU/Y aPaul, T Veauthor.14aYudharashtram : Samakalika lokathe Pakistan = The warrior state :bPakistan in the contemporary world /cT. V. Paul. 1aNew York :bOxford University Press,c[2014] a282 pages : 0aGeopoliticszPakistan. 0aNational securityzPakistan. 0aWarxEconomic aspects. 0aEconomic developmentzPakistan. 0aPakistanxPolitics and government.